000 00647naa a2200217 i 4500
001 72655
003 ES-MaBCM
005 20241016115958.0
008 010212s1999 fra 000 0 fre d
021 _axx
035 _a(OCoLC)1365192781
040 _cES-MaBCM
041 0 _afre
043 _afra
100 1 _aNesi, Giuseppe
_933462
245 1 0 _aL'uti possidetis hors du contexte de la décolonisation
_b: le cas de l'Europe
_cGiuseppe Nesi
650 2 7 _aFrontera
_958750
651 2 4 _aEuropa
_9115402
773 0 _aEn:
_tAnnuaire français de droit international
_dParis : 1999
_w104789
_gXLIV, 1998, p. 1-23. - Loc. S.239
942 _cAREV
999 _c72655
_d72655